Mier celej planéte Po premiére nového pásma skupiny Stana Pánisa

Bibliographic Details
Main Author: Karšay, A. (Author)
Format: Article
Language:Slovak
Subjects:

MARC

LEADER 00000nab a2200000 a 4500
001 vtls000246712
003 SK-MaSNL
005 20260302210731.0
008 111130c1986 xo 0 slo
015 |a SNBRB19rr/mm-uuuuu 
035 |a CL0256826 
040 |a SNKBUCL  |b slo  |c SNKBUCL  |e AACR2 
041 0 |a slo 
044 |a xo  |c SK 
080 |a 78.071.1:784.66  |2 1981 
080 |a 784.66  |2 1981 
100 1 |a Karšay, A.  |4 aut  |9 271721 
245 1 0 |a Mier celej planéte  |b Po premiére nového pásma skupiny Stana Pánisa  |c A. Karšay 
650 0 7 |a Skupina Stana Pánisa (skupina hudobná slovenská)  |2 snkbucl  |9 934166 
655 7 |a články z novín a časopisov  |2 snkbucl  |9 267496 
773 0 |t Ľud  |g Roč. 39, č. 102 (1. 5. 1986), s. 5 
850 |a Slovenská národná knižnica v Martine  |a MTA001 
852 |a SNK  |b KIS3GCP 
958 |a RK 
992 |a RBX 
999 |c 1483713  |d 1485643